Statistiques concernant Logos de jeux vidéo #3

Cliquez ici pour prendre le quiz!

Statistiques générales

  • Ce quiz a été pris 6 116 fois
  • Le résultat moyen est 12 sur 20

Statistiques - réponses

Réponse% Correct
Grand Theft Auto V
96%
Bowser
94%
Steam
94%
Angry Birds
93%
Rockstar
89%
Geometry Dash
87%
Brawl Star
86%
Yoshi
86%
Nintendo GameCube
80%
Gran Turismo
59%
Professeur Layton
58%
Activision
50%
Apex Legends
44%
Final Fantasy VII
41%
Halo
41%
Kingdom Hearts
30%
Ankama
25%
Dreamcast
20%
AlphaDream
3%
Commodore
3%

Distribution des résultats

Percentile par nombre de réponses

% des personnes avec chaque résultat

Votre développement - résultats

Vous n’avez pas pris ce quiz